01402nam a2200325 a 4500001001200000003000800012006001900020007001500039008004100054020001800095020002700113040002100140035002100161050002400182082001600206100002600222245012300248260004200371300005900413504007900472533015200551588009400703650002100797650005100818655002900869700001600898710001700914856012600931999001901057ebr10674838CaPaEBRm o u cr cn|||||||||150303s2013 si ao sb 001 0 eng d z9780470828120 z9780470828137 (e-book) aCaPaEBRcCaPaEBR a(OCoLC)82453607614aTA1634b.Z45 2013eb04a006.3/72231 aZhang, Liming,d1943-10aSelective visual attentionh[electronic resource] :bcomputational models and applications /cLiming Zhang, Weisi Lin. aSingapore :bIEEE ; :bWiley,cc2013. a1 online resource (xiii, 332 p.) :bill., photographs. aIncludes bibliographical references at the end of each chapters and index. aElectronic reproduction.bPalo Alto, Calif. :cebrary,d2015.nAvailable via World Wide Web.nAccess may be limited to ebrary affiliated libraries. aDescription based on online resource; title from title page (ebrary, viewed May 9, 2013). 0aComputer vision. 0aSelectivity (Psychology)xComputer simulation. 7aElectronic books.2local1 aLin, Weisi.2 aebrary, Inc.40uhttp://site.ebrary.com/lib/rucke/Doc?id=10674838zAn electronic book accessible through the World Wide Web; click to view c163688d163688